Variaciones sobre el cuerpo /

Reflexiones de varios autores, desde diferentes puntos de vista y métodos, sobre la realidad del cuerpo humano en filosofía, poesía, novela y pintura. También se trata la metafísica del dolor y acaso una estética o teoría del arte del cuerpo humano como la gran cuestión espiritual del nuevo siglo.

Enregistré dans:
Détails bibliographiques
Auteur principal: Romero de Solís, Diego (ed.)
Autres auteurs: Díaz-Urmeneta Muñoz, Juan Bosco (edición) (edición), López Lloret, Jorge (edición) (edición)
Format: Livre
Langue:espagnol
Publié: Sevilla, España : Universidad de Sevilla, Secretariado de Publicaciones, 1999, c1999
Collection:(Filosofía y Psicología ; 8)
Sujets:
Tags: Ajouter un tag
Pas de tags, Soyez le premier à ajouter un tag!

MARC

LEADER 00000nam^a2200000^a^4500
001 000119883
005 20250521000000.0
009 20260310094333.794
020 |a 84-472-0479-0 
037 |a Acervo ITESO - Biblioteca 
041 |a ESP 
082 |a 704. 942  |b ROM 
100 |a Romero de Solís, Diego  |e (ed.) 
245 1 0 |a Variaciones sobre el cuerpo /  |c Ed. de D. Romero de Solís, J.B. Díaz-Urmeneta Muñoz, J. López Lloret. 
264 4 |a Sevilla, España :  |b Universidad de Sevilla, Secretariado de Publicaciones,  |c 1999, c1999 
300 |a 254 p. 
336 |a texto  |b txt  |2 rdacontenido 
337 |a sin mediación  |b n  |2 rdamedio 
338 |a volumen  |b nc  |2 rdasoporte 
440 1 |a (Filosofía y Psicología ;  |v 8) 
520 |a Reflexiones de varios autores, desde diferentes puntos de vista y métodos, sobre la realidad del cuerpo humano en filosofía, poesía, novela y pintura. También se trata la metafísica del dolor y acaso una estética o teoría del arte del cuerpo humano como la gran cuestión espiritual del nuevo siglo. 
649 |a XX 
650 |a Cuerpo Humano en el Arte 
650 |a Desnudo en el Arte 
650 |a Anatomía Artística 
650 |a Mujeres 
650 |a Dolor -  |x Filosofía 
650 |a Muerte 
650 |a Arte y Simbolismo 
650 |a Estética 
650 |a Malévich, Kasimir 
650 |a Courbet, Jean Desiré Gustave 
650 |a Trigo, Felipe 
700 |a Díaz-Urmeneta Muñoz, Juan Bosco  |e (edición) 
700 |a López Lloret, Jorge  |e (edición) 
910 |a Fondo General 
920 |a Impresos - Libros 
930 |a Reserva Especial 
905 |a 103 
901 |a 0500055189  |b IT1  |c REE  |u 20250521 
902 |a https://opac.biblio.iteso.mx/vufind/Record/000119883